| 000 | 01197nam a2200337 i 4500 | ||
|---|---|---|---|
| 999 |
_c200430227 _d48183 |
||
| 003 | TR-AnTOB | ||
| 005 | 20190322123742.0 | ||
| 008 | 161101s2016 tu b 000 0 tur d | ||
| 020 | _a9786056659065 (1. v.) | ||
| 020 | _a9786056659072 (2. v.) | ||
| 040 |
_aTR4XT _cTR4XT _erda |
||
| 041 | _atur | ||
| 049 | _aTR4A | ||
| 050 | 4 |
_aKKX920 _b.B693 |
|
| 100 | 1 |
_aBoyacıoğlu, Cumhur. _4aut. |
|
| 245 | 1 | 0 |
_aTicaret hukuku uygulamaları / _cDr. Cumhur Boyacıoğlu, Bilal Özen. |
| 250 | _a1. volume genişletilmiş ve gözden geçirilmiş 2. Baskı | ||
| 264 | 1 |
_aAnkara : _bReferans Yayınları, _c2016. |
|
| 300 |
_a2 volume ; _c24 cm. |
||
| 336 |
_aText _btxt _2rdacontent. |
||
| 337 |
_aUnmediated _bn _2rdamedia. |
||
| 338 |
_aVolume _bnc _2rdacarrier. |
||
| 504 | _aIncludes bibliographical references. | ||
| 505 | 0 |
_t1. v. Ticari işletme ve şirketler hukuku -- _t2. v. Kıymetli evrak hukuku. |
|
| 650 | 0 |
_aCommercial law _zTurkey. |
|
| 650 | 0 |
_aNegotiable instruments _zTurkey. |
|
| 700 | 1 |
_aÖzel, Bilal. _4aut. |
|
| 942 |
_2lcc _cBK |
||
| 947 |
_a74005395 _b13387766 _c16 _d52 _eIstanbul Bilgi Universitesi Kutuphaneleri _fBilgi - Dolapdere _g2018-03-19 18:42:02 |
||